00912nam a2200217 a 450000100100000000500170001000800410002704000250006808200200009310000490011324500750016226000460023730000200028350000640030365000280036765000310039504900090042695201180043595201240055399900170067700001758420240412074248.0100329s1992 dr 000 p spa d aDO-SdBNPbspacBNPHU aRD861.44bN714e1 aNina, Juan B.,d1959-q(Juan Bautista)9924610aEvocación de los tiempos en fin de siglo /cJuan B. Nina Martínez. aSanto Domingo :bImpresora Carlos,c1992. a21 p. ;c21 cm. aIncluye datos biográficos del autor en la contracubierta. 0aPoesía dominicana966 0aLiteratura dominicana.967 aBNPD 0010718PDaPDbPDcCTd2010-07-14iLF1l0oRD861.44 N714ep17584-10r2020-06-25w2020-06-25yLFPDZNo se presta 0011718PDaPDbPDcMId2011-05-04iLF1l0oRD861.44 N714ep17584-20r2020-06-25te. 2w2020-06-25yLFPDZNo se presta c17109d17109